Meilleurs sons de Kaaris - Statistiques

Statistiques générales
  • Ce quiz a été pris 1 047 fois
    488 depuis la dernière actualisation
  • Le résultat moyen est 7 sur 15
Statistiques - réponses
Rang Titres Streams % Correct
8 Zoo 36,0M
89%
3 Tchoin 57,4M
78%
6 Kalash (ft. Booba) 44,4M
73%
1 Diarabi 64,1M
70%
14 Or Noir 18,4M
60%
2 Arrêt du coeur (ft. Kalash Criminel) 58,6M
58%
12 Chargé 24,4M
56%
4 Gun salute 51,5M
47%
5 Bling Bling (ft. Sofiane, Kalash Criminel) 49,8M
44%
11 Blow 24,8M
38%
9 Goulag 29,3M
35%
7 Panama (ft. Hamza) 39,8M
35%
13 Apocalypse (ft. Kalash Criminel, Freeze Corleone) 22 0M
20%
10 Boyz N The Hood 27,4M
13%
15 Illimité 17,5M
6%
Aucun quiz correspondant
Distribution des résultats
% des personnes avec chaque résultat
Percentile par nombre de réponses
Votre historique - résultats
Vous n’avez pas pris ce quiz depuis la dernière actualisation